Journal of Human Resources

Vedecké príspevky z oblasti verejnej politiky. Problematika skúma výskum v rôznych oblastiach, vrátane ekonómie práce, ekonómie rozvoja, ekonómie v oblasti zdravia a ekonomiky vzdelávania, diskriminácie a odchodu do dôchodku.

Guardado en:
Detalles Bibliográficos
Formato: Seriadas
Lenguaje:inglés
Publicado: Madison University of Wisconsin Press
Materias:
Etiquetas: Agregar Etiqueta
Sin Etiquetas, Sea el primero en etiquetar este registro!

MARC

LEADER 00000nas1a22000001 4500
001 s120826
005 20260128093129.7
022 |a 0022-166X 
022 |a 1548-8004 
041 0 |a eng 
044 |a US 
245 1 0 |a Journal of Human Resources 
264 1 |a Madison  |b University of Wisconsin Press 
500 |a Do r. 2021 vychádzal kvartálne 
520 |a Vedecké príspevky z oblasti verejnej politiky. Problematika skúma výskum v rôznych oblastiach, vrátane ekonómie práce, ekonómie rozvoja, ekonómie v oblasti zdravia a ekonomiky vzdelávania, diskriminácie a odchodu do dôchodku. 
610 2 0 |a zdroje ľudské 
610 2 0 |a sociológia 
610 2 0 |a politika verejná 
610 2 0 |a vzdelávanie 
610 2 0 |a ekonómia 
610 2 0 |a práca